Escritos

محفوظ في:
التفاصيل البيبلوغرافية
المؤلف الرئيسي: Johnson, Philip C (مؤلف)
التنسيق: كتاب
اللغة:الإسبانية
منشور في: Barcelona Gustavo Gili 1981
سلاسل:Colección Arquitectura y Crítica
الموضوعات:
الوسوم: إضافة وسم
لا توجد وسوم, كن أول من يضع وسما على هذه التسجيلة!

MARC

LEADER 00000nam a2200000 a 4500
001 UCT1745
003 CL-VaPUC
008 961004e19810000SP |||||||||||||||||spa|d
082 0 4 |a 724  |b JOH  |2 21 
100 |a Johnson, Philip C  |e author  |9 413102 
245 1 0 |a Escritos 
300 |a 300 p 
942 |c BK 
945 |d 19961004 00:00:00  |a rleighto 
260 |a Barcelona  |b Gustavo Gili  |c 1981 
650 0 |a Arquitectura  |9 804558 
650 7 |a ENSEÑANZA DE LA ARQUITECTURA  |2 CL-VaPUC  |9 337988 
650 7 |a EDIFICACION  |2 CL-VaPUC  |9 370798 
650 0 |a Diseño arquitectónico   |9 265271 
650 0 |a Edificios   |9 260501 
650 0 |a Estilos artísticos  |9 340996 
650 7 |a CUIDADES  |2 CL-VaPUC  |9 344718 
650 0 |a Arte  |9 265238 
650 0 |a Arquitectos   |9 268647 
583 |a last modification  |c 19961004 00:00:00  |k Rodrigo Vera 
490 0 |a Colección Arquitectura y Crítica 
999 |c 252196  |d 252194 
952 |0 0  |1 0  |4 0  |6 724_000000000000000_JOH_1981  |7 0  |8 A  |9 271926  |a BIBARQ  |b BIBARQ  |d 2019-11-19  |i 3235289  |o 724 JOH 1981  |p 3235289  |r 2025-01-20  |w 2019-11-19  |y BK  |k ARQ